Odkaz Imricha Karvaša pre krízy v ére samostatnosti Slovenskej republiky
Hospodárske krízy a ich príčiny. Krízy a odkaz prof. Karvaša. Úloha štátu a protikrízová politika a úloha menovej politiky a inštitúcií peňažného trhu v krízach. Fiškálna politika a účel zvyšovania verejného dlhu v krízach. Systémové krízy v Slovenskej republike po roku 1993 v kontexte ekonomickej t...
Salvato in:
| Autore principale: | |
|---|---|
| Natura: | Capitolo di libro |
| Lingua: | slovacco |
| Soggetti: | |
| Tags: |
Nessun Tag, puoi essere il primo ad aggiungerne!!
|
MARC
| LEADER | 00000naa$a2200000$$$4500 | ||
|---|---|---|---|
| 001 | 0297597 | ||
| 005 | 20240502074515.3 | ||
| 041 | 0 | |a slo | |
| 044 | |a SK | ||
| 245 | 1 | 0 | |a Odkaz Imricha Karvaša pre krízy v ére samostatnosti Slovenskej republiky |c Pavol Ochotnický |
| 520 | |a Hospodárske krízy a ich príčiny. Krízy a odkaz prof. Karvaša. Úloha štátu a protikrízová politika a úloha menovej politiky a inštitúcií peňažného trhu v krízach. Fiškálna politika a účel zvyšovania verejného dlhu v krízach. Systémové krízy v Slovenskej republike po roku 1993 v kontexte ekonomickej teórie. | ||
| 610 | 2 | 0 | |a kríza hospodárska |
| 610 | 2 | 0 | |a politika menová |
| 610 | 2 | 0 | |a politika fiškálna |
| 610 | 2 | 0 | |a dlhy verejné |
| 610 | 2 | 0 | |a Slovensko |
| 100 | 1 | |a Ochotnický, Pavol | |